Decision strategies in financial management (Record no. 30341)

MARC details
000 -LEADER
fixed length control field 00362nam a2200133Ia 4500
082 ## - DEWEY DECIMAL CLASSIFICATION NUMBER
Classification number 658.15
Item number SHU
100 ## - MAIN ENTRY--AUTHOR NAME
Personal name Mock, Edward J
245 #0 - TITLE STATEMENT
Title Decision strategies in financial management
260 ## - PUBLICATION, DISTRIBUTION, ETC. (IMPRINT)
Place of publication Bombay
Name of publisher Taraporevala
Year of publication 1973
650 ## - SUBJECT ADDED ENTRY--TOPICAL TERM
Topical Term Financial management
700 ## - ADDED ENTRY--PERSONAL NAME
Personal name Shuckett, Donald H
942 ## - ADDED ENTRY ELEMENTS (KOHA)
Koha item type Books
Holdings
Withdrawn status Lost status Damaged status Not for loan Home library Current library Date acquired Cost, normal purchase price Full call number Accession Number Koha item type
        RRII Library RRII Library 16/12/2021 39.00 658.15 SHU 10913 Books